Statistics for 2019 NBA Draft

Click here to take the quiz!

General Stats

  • This quiz has been taken 8 times
  • The average score is 19 of 60

Answer Stats

Team#Answer% Correct
Grizzlies2Ja Morant
100%
Knicks3RJ Barrett
100%
Pelicans1Zion Williamson
100%
Cavaliers5Darius Garland
86%
Hawks10Cam Reddish
71%
Bulls7Coby White
71%
Hawks4De'Andre Hunter
71%
Pelicans8Jaxson Hayes
71%
Wizards9Rui Hachimura
71%
Timberwolves6Jarrett Culver
57%
Hornets12PJ Washington
57%
Celtics14Romeo Langford
57%
Heat13Tyler Herro
57%
Grizzlies21Brandon Clarke
43%
Suns11Cameron Johnson
43%
Magic16Chuma Okeke
43%
Hornets36Cody Martin
43%
Pacers18Goga Bitadze
43%
Celtics22Grant Williams
43%
Warriors28Jordan Poole
43%
Cavaliers30Kevin Porter
43%
Spurs19Luka Samanic
43%
Trail Blazers25Nassir Little
43%
Pistons15Sekou Doumbouya
43%
Suns24Ty Jerome
43%
Nuggets44Bol Bol
29%
Bulls38Daniel Gafford
29%
Cavaliers26Dylan Windler
29%
Spurs29Keldon Johnson
29%
76ers20Matisse Thybulle
29%
Pelicans17Nickeil Alexander-Walker
29%
Nets31Nicolas Claxton
29%
Wizards42Admiral Schofield
14%
Hawks34Bruno Fernando
14%
Celtics33Carsen Edwards
14%
Raptors59Dewan Hernandez
14%
Warriors41Eric Paschall
14%
Knicks47Ignas Brazdeikis
14%
Hornets52Jalen McDaniels
14%
Pistons57Jordan Bone
14%
Kings55Kyle Guy
14%
Heat32KZ Okpala
14%
Clippers27Mfiondu Kabengele
14%
Spurs49Quinndary Weatherspoon
14%
Lakers46Talen Horton-Tucker
14%
Clippers48Terance Mann
14%
Celtics51Tremont Waters
14%
Kings60Vanja Marinkovic
14%
Pelicans39Alen Smailagic
0%
Thunder23Darius Bazely
0%
Mavericks37Deividas Sirvydis
0%
Hawks35Didi Louzada
0%
Thunder45Isaiah Roby
0%
Jazz50Jarrell Brantley
0%
Clippers56Jaylen Hands
0%
Timberwolves43Jaylen Nowell
0%
Kings40Justin James
0%
Jazz53Justin Wright-Foreman
0%
76ers54Marial Shayok
0%
Warriors58Miye Oni
0%

Score Distribution

Percentile by Number Answered

Percent of People with Each Score

Your Score History

You have not taken this quiz